Les cents millors poesies humorístiques de la llengua catalana / (Record no. 43266)

MARC details
000 -LEADER
campo de control de longitud fija 00763nam a2200229 i 4500
001 - NÚMERO DE CONTROL
campo de control 43266
003 - IDENTIFICADOR DE NÚMERO DE CONTROL
campo de control ES-MaACL
005 - FECHA Y HORA DE LA ÚLTIMA TRANSACCIÓN
campo de control 20251114135313.0
007 - CAMPO FIJO DE DESCRIPCIÓN FÍSICA--INFORMACIÓN GENERAL
campo de control de longitud fija t|
008 - DATOS DE LONGITUD FIJA--INFORMACIÓN GENERAL
campo de control de longitud fija 030317s1954 sp |||| | cat d
080 ## - NÚMERO DE LA CLASIFICACIÓN DECIMAL UNIVERSAL
Número de la Clasificación Decimal Universal 821.134.1-17(082.2)
245 04 - MENCIÓN DEL TÍTULO
Título Les cents millors poesies humorístiques de la llengua catalana /
Mención de responsabilidad, etc. tria de Tomàs Garcés i Marçal Olivar.
260 ## - PUBLICACIÓN, DISTRIBUCIÓN, ETC.
Lugar de publicación, distribución, etc. Barcelona :
Nombre del editor, distribuidor, etc. Barcino,
Fecha de publicación, distribución, etc. 1954 (
Fabricante Ariel)
300 ## - DESCRIPCIÓN FÍSICA
Extensión 211 p. ;
Dimensiones 16 cm.
490 1# - MENCIÓN DE SERIE
Mención de serie Col·lecció popular Barcino ;
Designación de volumen o secuencia 160
650 #4 - PUNTO DE ACCESO ADICIONAL DE MATERIA--TÉRMINO DE MATERIA
Término de materia o nombre geográfico como elemento de entrada Poesías catalanas.
9 (RLIN) 16205
700 1# - ENTRADA AGREGADA--NOMBRE PERSONAL
Nombre de persona Garcés, Tomàs,
Fechas asociadas al nombre 1901-1993
9 (RLIN) 162880
700 1# - ENTRADA AGREGADA--NOMBRE PERSONAL
Nombre de persona Olivar, Marçal.
9 (RLIN) 86758
830 0# - PUNTO DE ACCESO ADICIONAL DE SERIE-TÍTULO UNIFORME
Título uniforme Col·lecció popular Barcino
Designación de volumen o secuencia 160
9 (RLIN) 229864
852 ## - LOCALIZACIÓN
Ubicación ES-MaACL
Número de control de estantería C-8561
Holdings
Estatus retirado Estado de pérdida Estado de daño No para préstamo Biblioteca de origen Biblioteca actual Ubicación en estantería Fecha de adquisición Fuente de adquisición Total de préstamos Signatura topográfica completa Código de barras Visto por última vez Precio de reemplazo Tipo de ítem Koha
        Biblioteca del Ateneo de Madrid Biblioteca del Ateneo de Madrid Sala Palomar 17/01/2008     C-8561 1045546 23/02/2023 23/02/2023 Libro impreso